| 000 | 00646nam a2200193 a 4500 | ||
|---|---|---|---|
| 001 | 4248 | ||
| 003 | CDMR | ||
| 005 | 20151016130001.0 | ||
| 008 | 130130s2002||||||||||||||||||||||||||||d | ||
| 040 |
_aCDMR _bcat _cCPC GIRONA |
||
| 100 | 1 |
_94183 _aNadal, Josep Maria |
|
| 245 | 1 | 0 | _aIntervenció del Dr Josep Maria Nadal a l'acte de presa de possessió coma a rector del Dr. Joan Batle, a la Universitat de Girona, el 21 de març de 2002 |
| 260 |
_c2002 _bUniversitat de Girona _aGirona |
||
| 300 | _a19 p. | ||
| 490 | 0 |
_aTextos escollits _v2 |
|
| 500 | _aA la coberta: Consell Social | ||
| 710 | 2 |
_93937 _aUniversitat de Girona |
|
| 942 |
_cFULLET _2udc |
||
| 999 |
_c4248 _d4248 |
||